000
00312nam a2200157Ia 4500
100
_a
Palanisamy/P.K
650
_a
Physics
250
_a
2
942
_c
BK
366
_f
25
245
_a
Engineering physics
260
_b
Sci tech
_c
2005
082
_a
530
_b
PAL
546
_a
ENGLISH
_c
Computers
999
_c
23631
_d
23631